[Event "Muensterland Regionalliga Gr1 2223"]
[Site "Germany"]
[Date "2023.02.04"]
[Round "6.1"]
[White "Bruemmer, Frank"]
[Black "Jansen, Dirk"]
[Result "1-0"]
[WhiteElo "2185"]
[BlackElo "2012"]
[PlyCount "59"]
[EventDate "2022.09.03"]
[EventType "team-tourn"]
[EventRounds "7"]
[EventCountry "GER"]
[SourceTitle "EXT 2024"]
[Source "ChessBase"]
[SourceDate "2023.10.10"]
[SourceVersion "1"]
[SourceVersionDate "2023.10.10"]
[SourceQuality "1"]
[WhiteTeam "Rheine Klein Berlin"]
[BlackTeam "Muenster SK IV"]
[WhiteTeamCountry "GER"]
[BlackTeamCountry "GER"]

1. d4 d5 2. c4 e6 3. Nc3 c5 4. e3 Nf6 5. Nf3 Nc6 6. a3 cxd4 7. exd4 g6 8. c5 Bg7 9. Bb5 Bd7 10. Qe2 Ne4 11. Bxc6 Bxc6 12. Bf4 Nxc3 13. bxc3 Qa5 14. Qe3 0-0 15. 0-0 b6 16. cxb6 axb6 17. Bd6 Rfc8 18. Rfe1 Be8 19. Bb4 Qa7 20. h4 h6 21. Ne5 Kh7 22. Qf3 f6 23. Nd3 Qf7 24. Re3 Rc6 25. Rae1 h5 26. Nf4 Bh6 27. Rxe6 Rxe6 28. Rxe6 Ra7 29. Rxb6 Qc7 30. Nxd5 1-0

[Event "Muensterland Regionalliga Gr1 2223"]
[Site "Germany"]
[Date "2023.01.14"]
[Round "5.1"]
[White "Vos, Thomas"]
[Black "Bruemmer, Frank"]
[Result "0-1"]
[WhiteElo "2022"]
[BlackElo "2185"]
[PlyCount "60"]
[EventDate "2022.09.03"]
[EventType "team-tourn"]
[EventRounds "7"]
[EventCountry "GER"]
[SourceTitle "EXT 2024"]
[Source "ChessBase"]
[SourceDate "2023.10.10"]
[SourceVersion "1"]
[SourceVersionDate "2023.10.10"]
[SourceQuality "1"]
[WhiteTeam "Saerbeck"]
[BlackTeam "Rheine Klein Berlin"]
[WhiteTeamCountry "GER"]
[BlackTeamCountry "GER"]

1. Nf3 Nc6 2. d4 d6 3. e3 e5 4. d5 Nce7 5. Nc3 f5 6. Bb5+ c6 7. Bc4 Nf6 8. dxc6 bxc6 9. Nxe5 d5 10. Be2 Qc7 11. Qd4 Rb8 12. Nd3 Ng6 13. h4 Bd6 14. h5 Ne5 15. Qh4 0-0 16. Nf4 Neg4 17. 0-0 d4 18. Bc4+ Kh8 19. Nce2 dxe3 20. Bxe3 Nd5 21. Nxd5 cxd5 22. Bb3 Ba6 23. Rfe1 Nxe3 24. fxe3 Rb4 25. Nd4 Bg3 26. Qg5 h6 27. Qg6 Rxd4 28. exd4 Qf4 29. Qxa6 Bf2+ 30. Kf1 Be3+ 0-1

[Event "Muensterland Regionalliga Gr1 2223"]
[Site "Germany"]
[Date "2022.11.05"]
[Round "3.1"]
[White "Bruemmer, Frank"]
[Black "Pohl, Detlev"]
[Result "1-0"]
[WhiteElo "2185"]
[BlackElo "1835"]
[PlyCount "79"]
[EventDate "2022.09.03"]
[EventType "team-tourn"]
[EventRounds "7"]
[EventCountry "GER"]
[SourceTitle "EXT 2024"]
[Source "ChessBase"]
[SourceDate "2023.10.10"]
[SourceVersion "1"]
[SourceVersionDate "2023.10.10"]
[SourceQuality "1"]
[WhiteTeam "Rheine Klein Berlin"]
[BlackTeam "Telgte"]
[WhiteTeamCountry "GER"]
[BlackTeamCountry "GER"]

1. d4 c5 2. c3 cxd4 3. cxd4 d5 4. Nc3 Nf6 5. Bf4 Bd7 6. e3 Bc6 7. Bd3 e6 8. Rc1 Nbd7 9. h3 Be7 10. Nf3 Rc8 11. 0-0 0-0 12. a3 a6 13. b4 b5 14. Qb3 Nb6 15. Ne5 Nc4 16. Rfd1 Qb6 17. Bb1 Rfd8 18. Nxc4 bxc4 19. Qc2 g6 20. f3 Qb7 21. Ba2 Nh5 22. Bh2 f5 23. e4 Nf6 24. exf5 gxf5 25. Re1 Kf7 26. Re2 Bd6 27. Bxd6 Rxd6 28. Rce1 Rg8 29. Qd2 Bd7 30. Bb1 Rg6 31. Re5 Qc8 32. Ne2 Rc6 33. Bc2 Qf8 34. Nf4 Qh6 35. Qe3 Rg5 36. Ba4 Rd6 37. Bxd7 Nxd7 38. Nxe6 Rxe6 39. Rxe6 Nf6 40. Rxf6+ 1-0

[Event "Muensterland Regionalliga 2122"]
[Site "Germany"]
[Date "2021.10.23"]
[Round "2.1"]
[White "Wildschut, Marcel"]
[Black "Bruemmer, Frank"]
[Result "0-1"]
[WhiteElo "2104"]
[BlackElo "2169"]
[PlyCount "64"]
[EventDate "2021.10.02"]
[EventType "team-tourn"]
[EventRounds "3"]
[EventCountry "GER"]
[SourceTitle "EXT 2023"]
[Source "ChessBase"]
[SourceDate "2022.10.05"]
[SourceVersion "1"]
[SourceVersionDate "2022.10.05"]
[SourceQuality "1"]
[WhiteTeam "Metelen"]
[BlackTeam "Rheine Klein Berlin"]
[WhiteTeamCountry "GER"]
[BlackTeamCountry "GER"]

1. e4 e6 2. d4 d5 3. Nc3 Nf6 4. Bg5 Be7 5. e5 Nfd7 6. h4 h6 7. Bxe7 Qxe7 8. Qg4 0-0 9. f4 f5 10. Qg3 c5 11. Nf3 Nc6 12. 0-0-0 cxd4 13. Nxd4 Nc5 14. Be2 a6 15. Qe3 Nxd4 16. Qxd4 b5 17. Kb1 Rb8 18. Bf3 b4 19. Ne2 a5 20. g4 fxg4 21. Bxg4 Ba6 22. f5 exf5 23. Bf3 Bxe2 24. Qxd5+ Kh8 25. Bxe2 Rbd8 26. Qc6 Qxe5 27. Bf3 Ne4 28. Bxe4 Rxd1+ 29. Rxd1 fxe4 30. c3 e3 31. Qc4 Qf5+ 32. Kc1 bxc3 0-1

[Event "Muensterland Regionalliga 1920"]
[Site "Germany"]
[Date "2020.01.11"]
[Round "5.1"]
[White "Bruemmer, Frank"]
[Black "Pliete, Christian"]
[Result "1-0"]
[WhiteElo "2198"]
[BlackElo "1835"]
[PlyCount "79"]
[EventDate "2019.09.07"]
[EventType "team-tourn"]
[EventRounds "7"]
[EventCountry "GER"]
[SourceTitle "EXT 2023"]
[Source "ChessBase"]
[SourceDate "2022.10.05"]
[SourceVersion "1"]
[SourceVersionDate "2022.10.05"]
[SourceQuality "1"]
[WhiteTeam "Rheine Klein Berlin"]
[BlackTeam "Raesfeld Erle II"]
[WhiteTeamCountry "GER"]
[BlackTeamCountry "GER"]

1. d4 Nf6 2. c4 c5 3. d5 e6 4. Nc3 exd5 5. cxd5 d6 6. e4 g6 7. f4 Bg7 8. Bb5+ Nfd7 9. a4 0-0 10. Nf3 Na6 11. 0-0 Nc7 12. Bd3 Nf6 13. Nd2 b6 14. Qf3 Qd7 15. Nc4 Ba6 16. f5 Bxc4 17. Bxc4 Qe7 18. Bg5 Qe5 19. Rad1 Nd7 20. Bh4 Bf6 21. Qh3 Bxh4 22. Qxh4 Kg7 23. Rf2 Qf6 24. Qh3 Ne5 25. fxg6 Qxg6 26. Be2 Rg8 27. Rdf1 Raf8 28. Rf5 Qh6 29. Rh5 Qg6 30. Rff5 f6 31. Nd1 Re8 32. Rf4 Re7 33. Ne3 Kh8 34. Nf5 Rd7 35. Rfh4 Ne8 36. Rh6 Qf7 37. Bh5 Ng6 38. Bxg6 Rxg6 39. Rxg6 Qxg6 40. Rg4 1-0

[Event "Muensterland Regionalliga 1920"]
[Site "Germany"]
[Date "2019.11.30"]
[Round "4.1"]
[White "Wensing, Maximilian"]
[Black "Bruemmer, Frank"]
[Result "1-0"]
[WhiteElo "2110"]
[BlackElo "2198"]
[PlyCount "73"]
[EventDate "2019.09.07"]
[EventType "team-tourn"]
[EventRounds "7"]
[EventCountry "GER"]
[SourceTitle "EXT 2023"]
[Source "ChessBase"]
[SourceDate "2022.10.05"]
[SourceVersion "1"]
[SourceVersionDate "2022.10.05"]
[SourceQuality "1"]
[WhiteTeam "Ahaus Wessum"]
[BlackTeam "Rheine Klein Berlin"]
[WhiteTeamCountry "GER"]
[BlackTeamCountry "GER"]

1. c4 e5 2. g3 Nc6 3. Bg2 g6 4. Nc3 Bg7 5. e3 d6 6. Nge2 Nge7 7. Rb1 a5 8. a3 Be6 9. Nd5 0-0 10. 0-0 f5 11. d4 g5 12. f4 gxf4 13. exf4 exd4 14. b3 Bf7 15. Bb2 Bh5 16. Bf3 Bxf3 17. Rxf3 Qd7 18. Nxd4 Nxd4 19. Bxd4 Nc6 20. Bxg7 Qxg7 21. Re3 Rae8 22. Qd3 Qd4 23. Qxd4 Nxd4 24. Rxe8 Rxe8 25. Nf6+ Kf7 26. Nxe8 Kxe8 27. Kf2 Kd7 28. Ke3 c5 29. Kd3 b5 30. b4 axb4 31. axb4 Kc6 32. cxb5+ Nxb5 33. bxc5 dxc5 34. Re1 Nd6 35. Re7 Kd5 36. Rxh7 c4+ 37. Ke3 1-0

[Event "Muensterland Regionalliga 1920"]
[Site "Germany"]
[Date "2019.09.07"]
[Round "1.1"]
[White "Monsma, Menno"]
[Black "Bruemmer, Frank"]
[Result "1-0"]
[WhiteElo "2062"]
[BlackElo "2198"]
[PlyCount "83"]
[EventDate "2019.09.07"]
[EventType "team-tourn"]
[EventRounds "7"]
[EventCountry "GER"]
[SourceTitle "EXT 2023"]
[Source "ChessBase"]
[SourceDate "2022.10.05"]
[SourceVersion "1"]
[SourceVersionDate "2022.10.05"]
[SourceQuality "1"]
[WhiteTeam "Gronau"]
[BlackTeam "Rheine Klein Berlin"]
[WhiteTeamCountry "GER"]
[BlackTeamCountry "GER"]

1. Nf3 c5 2. e4 e6 3. d3 d5 4. Nbd2 Nc6 5. g3 Nf6 6. Bg2 dxe4 7. dxe4 e5 8. 0-0 Qc7 9. c3 Be7 10. Qc2 0-0 11. Re1 Rd8 12. a4 b6 13. Nc4 Be6 14. Bf1 h6 15. h3 Nh7 16. Be3 Ng5 17. Nxg5 hxg5 18. Qc1 f6 19. f4 gxf4 20. gxf4 exf4 21. Bxf4 Ne5 22. Qe3 Bd6 23. Nxd6 Qxd6 24. a5 Qe7 25. axb6 axb6 26. Rxa8 Rxa8 27. Bxe5 fxe5 28. Rd1 Rf8 29. Rd2 Rf4 30. Bg2 Qg5 31. Kh2 Qe7 32. Qd3 Rf8 33. Qg3 Bc4 34. Rf2 Rxf2 35. Qxf2 Qg5 36. Bf3 Qf4+ 37. Kg2 Kf7 38. b4 cxb4 39. cxb4 b5 40. Bh5+ Kf6 41. Qb6+ Be6 42. Qd8# 1-0

[Event "Muensterland Regionalliga 1819"]
[Site "Germany"]
[Date "2019.01.12"]
[Round "5.1"]
[White "Bruemmer, Frank"]
[Black "Quante, Lennart"]
[Result "1-0"]
[WhiteElo "2160"]
[BlackElo "2068"]
[PlyCount "79"]
[EventDate "2018.09.08"]
[EventType "team-tourn"]
[EventRounds "9"]
[EventCountry "GER"]
[SourceTitle "EXT 2020"]
[Source "ChessBase"]
[SourceDate "2019.10.17"]
[SourceVersion "1"]
[SourceVersionDate "2019.10.17"]
[SourceQuality "1"]
[WhiteTeam "Rheine Klein Berlin"]
[BlackTeam "Muenster III"]
[WhiteTeamCountry "GER"]
[BlackTeamCountry "GER"]

1. d4 Nf6 2. c4 g6 3. d5 b5 4. cxb5 a6 5. bxa6 Bxa6 6. Nc3 Bg7 7. g3 0-0 8. Bg2 d6 9. Nf3 Nbd7 10. Nd4 Nb6 11. 0-0 Qd7 12. Re1 Bb7 13. e4 Ba6 14. a4 e5 15. Nc2 Bc4 16. Ne3 Rfb8 17. b4 Ba6 18. b5 Bc8 19. Bd2 Qd8 20. h3 Nbd7 21. Nc4 Nc5 22. Be3 Nfd7 23. Qc2 Nb6 24. Nd2 f5 25. a5 Nbd7 26. exf5 gxf5 27. Qxf5 Nf8 28. Qc2 Qf6 29. Bxc5 dxc5 30. d6 cxd6 31. Bxa8 Rxa8 32. Qe4 Ra7 33. b6 Rf7 34. Qg2 Bb7 35. Nde4 Qe7 36. a6 Bc6 37. b7 Qc7 38. Reb1 Nd7 39. a7 Bxb7 40. Rxb7 1-0

[Event "Muensterland Regionalliga 1718"]
[Site "Germany"]
[Date "2018.04.21"]
[Round "8.1"]
[White "Bruemmer, Frank"]
[Black "Henke, Wolfgang1"]
[Result "1-0"]
[WhiteElo "2160"]
[BlackElo "1787"]
[PlyCount "57"]
[EventDate "2017.09.02"]
[EventType "team-tourn"]
[EventRounds "9"]
[EventCountry "GER"]
[SourceTitle "EXT 2019"]
[Source "ChessBase"]
[SourceDate "2018.10.10"]
[SourceVersion "1"]
[SourceVersionDate "2018.10.10"]
[SourceQuality "1"]
[WhiteTeam "Rheine Klein Berlin"]
[BlackTeam "Beelen"]
[WhiteTeamCountry "GER"]
[BlackTeamCountry "GER"]

1. d4 Nf6 2. Nf3 g6 3. Nc3 c5 4. d5 d6 5. Bf4 Nh5 6. Bd2 Bg7 7. e4 0-0 8. Be2 a6 9. a4 Nd7 10. 0-0 Rb8 11. a5 b5 12. axb6 Qxb6 13. Ra2 Ndf6 14. e5 Ne8 15. Ng5 Bxe5 16. Bxh5 gxh5 17. Qxh5 Nf6 18. Qh4 Bf5 19. Nf3 Bxc2 20. Nxe5 dxe5 21. Qg3+ Bg6 22. Qxe5 Rb7 23. Rfa1 Rd8 24. Rxa6 Qxb2 25. Bh6 Rdb8 26. h3 Rb6 27. Ra8 Qb4 28. Qxe7 c4 29. Rxb8+ 1-0

[Event "Muensterland Regionalliga 1617"]
[Site "Germany"]
[Date "2017.04.08"]
[Round "8.2"]
[White "Bruemmer, Frank"]
[Black "Ringwelski, Marius"]
[Result "1/2-1/2"]
[WhiteElo "2166"]
[BlackElo "1998"]
[PlyCount "76"]
[EventDate "2016.09.17"]
[EventType "team"]
[EventRounds "9"]
[EventCountry "GER"]
[SourceTitle "EXT 2018"]
[Source "ChessBase"]
[SourceDate "2017.10.13"]
[SourceVersion "1"]
[SourceVersionDate "2017.10.13"]
[SourceQuality "1"]
[WhiteTeam "Rheine Klein Berlin"]
[BlackTeam "Nienberge"]
[WhiteTeamCountry "GER"]
[BlackTeamCountry "GER"]

1. d4 d5 2. Nf3 Nf6 3. c4 e6 4. Nc3 Be7 5. cxd5 exd5 6. Qc2 0-0 7. Bg5 Na6 8. a3 c6 9. e3 Nc7 10. Bd3 h6 11. Bh4 Re8 12. 0-0 Ne4 13. Bxe7 Qxe7 14. Bxe4 dxe4 15. Nd2 f5 16. Nc4 Be6 17. Ne5 Bd5 18. f3 Qg5 19. f4 Qf6 20. b4 Qe6 21. Rab1 Bc4 22. Rfe1 a5 23. bxa5 Nb5 24. Nxb5 cxb5 25. Qd2 Qa6 26. Rec1 Qxa5 27. Qxa5 Rxa5 28. Nxc4 bxc4 29. Rxc4 Rxa3 30. Rxb7 Re6 31. Rc5 Rxe3 32. Rxf5 Re2 33. Rff7 Rg6 34. g3 Kh8 35. f5 Ra6 36. Ra7 Rb6 37. Rab7 Ra6 38. Ra7 Rb6 1/2-1/2

[Event "Muensterland Regionalliga 1617"]
[Site "Germany"]
[Date "2017.03.11"]
[Round "7.2"]
[White "Liesmann, Karsten"]
[Black "Bruemmer, Frank"]
[Result "0-1"]
[WhiteElo "2006"]
[BlackElo "2166"]
[PlyCount "122"]
[EventDate "2016.09.17"]
[EventType "team"]
[EventRounds "9"]
[EventCountry "GER"]
[SourceTitle "EXT 2018"]
[Source "ChessBase"]
[SourceDate "2017.10.13"]
[SourceVersion "1"]
[SourceVersionDate "2017.10.13"]
[SourceQuality "1"]
[WhiteTeam "Bocholt"]
[BlackTeam "Rheine Klein Berlin"]
[WhiteTeamCountry "GER"]
[BlackTeamCountry "GER"]

1. d4 c5 2. e3 e6 3. Nf3 Nf6 4. Bd3 d5 5. b3 cxd4 6. exd4 Nc6 7. 0-0 Bd6 8. Bb2 Qc7 9. c4 0-0 10. Nc3 a6 11. Re1 b6 12. a3 Bb7 13. Rc1 Rac8 14. cxd5 exd5 15. b4 Qb8 16. Bb1 Rfe8 17. Qd3 Ne7 18. Na4 Bc7 19. Nc3 Ng6 20. g3 Bd6 21. Ba2 Rxe1+ 22. Rxe1 Qc7 23. Qf5 Ne7 24. Qd3 Ne4 25. Bxd5 Nxd5 26. Nxe4 Bf8 27. Rc1 Qd7 28. Neg5 Rxc1+ 29. Bxc1 Nf6 30. Ne5 Qd5 31. f3 a5 32. Ng4 Bd6 33. Nxf6+ gxf6 34. Ne4 Be7 35. bxa5 Qxa5 36. Kf2 Ba6 37. Qe3 Qb5 38. Nd2 Bf8 39. g4 Bd6 40. Kg2 Kg7 41. h4 h5 42. Qe4 hxg4 43. Qxg4+ Kf8 44. Qe4 f5 45. Qe3 Qc6 46. Qh6+ Ke8 47. Nf1 Bxf1+ 48. Kxf1 Qxf3+ 49. Kg1 Kd7 50. Be3 Qg3+ 51. Kf1 f4 52. Bf2 Qd3+ 53. Ke1 Qxa3 54. Qf6 Qa1+ 55. Ke2 Qa2+ 56. Kf3 Qd5+ 57. Kg4 Qg2+ 58. Kf5 Qd5+ 59. Kg4 b5 60. h5 Qg2+ 61. Kf5 Qh3+ 0-1

[Event "Muensterland Regionalliga 1617"]
[Site "Germany"]
[Date "2017.01.14"]
[Round "5.2"]
[White "Baumann, Stephan"]
[Black "Bruemmer, Frank"]
[Result "1-0"]
[WhiteElo "2003"]
[BlackElo "2166"]
[PlyCount "115"]
[EventDate "2016.09.17"]
[EventType "team"]
[EventRounds "9"]
[EventCountry "GER"]
[SourceTitle "EXT 2018"]
[Source "ChessBase"]
[SourceDate "2017.10.13"]
[SourceVersion "1"]
[SourceVersionDate "2017.10.13"]
[SourceQuality "1"]
[WhiteTeam "Muenster SK III"]
[BlackTeam "Rheine Klein Berlin"]
[WhiteTeamCountry "GER"]
[BlackTeamCountry "GER"]

1. e4 e6 2. b3 d5 3. Bb2 Nf6 4. e5 Nfd7 5. Qg4 c5 6. f4 Nc6 7. Nf3 b6 8. Be2 Qe7 9. Na3 a6 10. 0-0 f5 11. Qg3 Bb7 12. c3 0-0-0 13. Nc2 Rg8 14. d4 g5 15. fxg5 h6 16. Bc1 Qh7 17. Qh3 Rg6 18. c4 dxc4 19. Bxc4 b5 20. Bxe6 Rxe6 21. d5 Ree8 22. dxc6 Bxc6 23. Bf4 h5 24. Ne3 Be4 25. a4 Nb6 26. Nh4 Kb7 27. Nexf5 Rd3 28. Ne3 Qg8 29. a5 Nd5 30. Rad1 Nxf4 31. Rxf4 Qxb3 32. Rxd3 Qxd3 33. Rxe4 c4 34. Qf3 Kb8 35. Nf1 Bc5+ 36. Kh1 Qb1 37. e6 c3 38. Qg3+ Kb7 39. Re1 c2 40. Qf3+ Ka7 41. Qe4 Qd1 42. Qc6 Qxe1 43. Qxc5+ Ka8 44. Qc6+ Ka7 45. Qd7+ Kb8 46. Qxe8+ Kc7 47. Qd7+ Kb8 48. Qd6+ Kc8 49. Qxa6+ Kc7 50. Qb6+ Kc8 51. Qc6+ Kb8 52. Qxb5+ Kc7 53. Nf3 Qb1 54. Qc4+ Kd6 55. Qd3+ Kc7 56. N3d2 Qd1 57. Qd7+ Kb8 58. e7 1-0

[Event "Muensterland Regionalliga 1516"]
[Site "Germany"]
[Date "2015.12.05"]
[Round "4.2"]
[White "Holtel, Jasper"]
[Black "Bruemmer, Frank"]
[Result "1-0"]
[WhiteElo "2185"]
[BlackElo "2177"]
[PlyCount "59"]
[EventDate "2015.09.05"]
[EventType "team"]
[EventRounds "9"]
[EventCountry "GER"]
[SourceTitle "EXT 2017"]
[Source "ChessBase"]
[SourceDate "2016.10.25"]
[SourceVersion "1"]
[SourceVersionDate "2016.10.25"]
[SourceQuality "1"]
[WhiteTeam "Muenster SK II"]
[BlackTeam "Rheine Klein Berlin"]
[WhiteTeamCountry "GER"]
[BlackTeamCountry "GER"]

1. e4 e6 2. d4 d5 3. Nc3 Nf6 4. e5 Ne4 5. Nxe4 dxe4 6. Bc4 c5 7. d5 Qb6 8. c3 Nd7 9. dxe6 fxe6 10. Nh3 Nxe5 11. Qh5+ Nf7 12. Ng5 g6 13. Qe2 Nxg5 14. Bxg5 Bg7 15. 0-0-0 0-0 16. h4 Qa5 17. h5 b5 18. Qxe4 bxc4 19. Qxa8 Qxa2 20. f3 Qa1+ 21. Kc2 Qa4+ 22. Kb1 e5 23. Qd5+ Kh8 24. g4 gxh5 25. Qe4 Bd7 26. Rd6 Be8 27. Bh6 h4 28. Rxh4 Bxh6 29. Rhxh6 Bg6 30. Qxg6 1-0

[Event "Muensterland Regionalliga 1415"]
[Site "Germany"]
[Date "2014.12.13"]
[Round "4.2"]
[White "Bruemmer, Frank"]
[Black "Wieder, Heiner"]
[Result "1-0"]
[WhiteElo "2172"]
[BlackElo "2078"]
[PlyCount "88"]
[EventDate "2014.09.20"]
[EventType "team-tourn"]
[EventRounds "9"]
[EventCountry "GER"]
[SourceTitle "EXT 2016"]
[Source "ChessBase"]
[SourceDate "2015.10.08"]
[SourceVersion "1"]
[SourceVersionDate "2015.10.08"]
[SourceQuality "1"]
[WhiteTeam "Rheine Klein Berlin"]
[BlackTeam "Muenster III"]
[WhiteTeamCountry "GER"]
[BlackTeamCountry "GER"]

1. d4 f5 2. g3 Nf6 3. Bg2 g6 4. Nh3 Bg7 5. c4 Nc6 6. Nc3 0-0 7. 0-0 d6 8. d5 Ne5 9. b3 Bd7 10. Nf4 c6 11. Bb2 Qe8 12. e3 g5 13. Nd3 Nxd3 14. Qxd3 f4 15. exf4 gxf4 16. Ne2 Nh5 17. Bxg7 Kxg7 18. Rae1 c5 19. Qc3+ Kg8 20. Bf3 Bh3 21. Bxh5 Qxh5 22. Nxf4 Rxf4 23. gxf4 Kf7 24. Re3 Bxf1 25. Kxf1 Rg8 26. Qe1 Qh4 27. Rg3 Rg6 28. f5 Rf6 29. Qe3 Qh5 30. Qg5 Qxg5 31. Rxg5 Rh6 32. Kg2 Kf6 33. Rg8 Kxf5 34. Rb8 Rg6+ 35. Kf3 b6 36. Rb7 Kf6 37. Rxa7 Rh6 38. Rb7 Rxh2 39. Rxb6 Ke5 40. Rb7 e6 41. Re7 h5 42. Rxe6+ Kf5 43. Rxd6 Rh3+ 44. Ke2 Rc3 1-0

[Event "Muensterland Regionalliga 1415"]
[Site "Germany"]
[Date "2014.10.25"]
[Round "2.2"]
[White "Bruemmer, Frank"]
[Black "Gesing, Felix"]
[Result "1-0"]
[WhiteElo "2172"]
[BlackElo "1927"]
[PlyCount "57"]
[EventDate "2014.09.20"]
[EventType "team-tourn"]
[EventRounds "9"]
[EventCountry "GER"]
[SourceTitle "EXT 2016"]
[Source "ChessBase"]
[SourceDate "2015.10.08"]
[SourceVersion "1"]
[SourceVersionDate "2015.10.08"]
[SourceQuality "1"]
[WhiteTeam "Rheine Klein Berlin"]
[BlackTeam "Raesfeld Erle"]
[WhiteTeamCountry "GER"]
[BlackTeamCountry "GER"]

1. c4 Nf6 2. Nc3 g6 3. e4 d6 4. d4 Bg7 5. Nge2 0-0 6. Ng3 Nbd7 7. Be2 c5 8. d5 a6 9. 0-0 Rb8 10. Be3 Qa5 11. a4 Qb4 12. Qc2 Qb6 13. f4 e6 14. dxe6 fxe6 15. Rad1 Rd8 16. Qd2 Nf8 17. f5 exf5 18. exf5 Re8 19. Bg5 gxf5 20. Nxf5 Bxf5 21. Rxf5 N6d7 22. Bh5 Ng6 23. Qd5+ Kh8 24. Bxg6 hxg6 25. Rf3 Nf8 26. Qf7 Qxb2 27. Rh3+ Nh7 28. Qxg6 Bd4+ 29. Kh1 1-0

[Event "Muensterland Regionalliga 1314"]
[Site "Germany"]
[Date "2014.01.18"]
[Round "5.2"]
[White "Bruemmer, Frank"]
[Black "Althoff, Franz"]
[Result "1-0"]
[WhiteElo "2148"]
[BlackElo "2069"]
[PlyCount "57"]
[EventDate "2013.09.07"]
[EventType "team-tourn"]
[EventRounds "9"]
[EventCountry "GER"]
[SourceTitle "EXT 2015"]
[Source "ChessBase"]
[SourceDate "2014.11.20"]
[SourceVersion "1"]
[SourceVersionDate "2014.11.20"]
[SourceQuality "1"]
[WhiteTeam "Rheine Klein Berlin"]
[BlackTeam "Nienberge"]
[WhiteTeamCountry "GER"]
[BlackTeamCountry "GER"]

1. d4 Nf6 2. Nf3 b6 3. Bf4 e6 4. e3 Bb7 5. Nbd2 Be7 6. h3 0-0 7. Bd3 Nd5 8. Bh2 f5 9. c3 Nf6 10. Qc2 Bd6 11. Bxd6 cxd6 12. Rg1 Nc6 13. g4 fxg4 14. hxg4 Rc8 15. a3 d5 16. g5 Ne4 17. Nxe4 dxe4 18. Bxe4 g6 19. Rg3 Qe7 20. 0-0-0 d5 21. Bd3 Rf7 22. Nh2 e5 23. dxe5 Nxe5 24. f4 Nxd3+ 25. Qxd3 Qd6 26. Ng4 Rfc7 27. Qd4 Rd8 28. Rh3 h5 29. gxh6 1-0

[Event "Muensterland Regionalliga 1314"]
[Site "Germany"]
[Date "2013.11.16"]
[Round "3.2"]
[White "Bruemmer, Frank"]
[Black "Mueschenich, Stefan"]
[Result "1-0"]
[WhiteElo "2148"]
[BlackElo "2103"]
[PlyCount "107"]
[EventDate "2013.09.07"]
[EventType "team-tourn"]
[EventRounds "9"]
[EventCountry "GER"]
[SourceTitle "EXT 2015"]
[Source "ChessBase"]
[SourceDate "2014.11.20"]
[SourceVersion "1"]
[SourceVersionDate "2014.11.20"]
[SourceQuality "1"]
[WhiteTeam "Rheine Klein Berlin"]
[BlackTeam "Muenster SK II"]
[WhiteTeamCountry "GER"]
[BlackTeamCountry "GER"]

1. d4 c5 2. c3 b6 3. dxc5 bxc5 4. Qd5 Nc6 5. Qxc5 e5 6. Qc4 a5 7. Nf3 Ba6 8. Qa4 Bc5 9. Nbd2 Nf6 10. e3 Bxf1 11. Nxf1 0-0 12. Ng3 Qb6 13. 0-0 d5 14. b3 Bb4 15. c4 e4 16. Nd2 Rfd8 17. Qb5 Qc7 18. cxd5 Rxd5 19. Qe2 Rad8 20. Nc4 Bc3 21. Bb2 Bxb2 22. Qxb2 Nb4 23. h3 h5 24. Ne2 Nd3 25. Qc3 Rc5 26. Rad1 Nd5 27. Qa1 f5 28. Rd2 f4 29. exf4 N5xf4 30. Ng3 Rg5 31. h4 Rg4 32. Ne3 Rxh4 33. Rc2 Qb8 34. Nef5 Rg4 35. Ne3 Rg6 36. Qc3 h4 37. Ngf5 Kh7 38. Nxh4 Rh6 39. Nef5 Rf6 40. Qc7 Ne6 41. Qxb8 Rxb8 42. Ng3 Rbf8 43. Rc6 Ndc5 44. a3 Nxb3 45. Nxe4 Rf4 46. Rxe6 Rxh4 47. Rd1 Rh5 48. Ra6 Rc8 49. f3 Rc1 50. Rxc1 Nxc1 51. Kf2 Rb5 52. f4 Rb2+ 53. Kf3 Nb3 54. Ng5+ 1-0

[Event "Muensterland Regionalliga 1314"]
[Site "Germany"]
[Date "2013.10.05"]
[Round "2.2"]
[White "Boesel, Alexander"]
[Black "Bruemmer, Frank"]
[Result "0-1"]
[WhiteElo "1965"]
[BlackElo "2148"]
[PlyCount "80"]
[EventDate "2013.09.07"]
[EventType "team-tourn"]
[EventRounds "9"]
[EventCountry "GER"]
[SourceTitle "EXT 2015"]
[Source "ChessBase"]
[SourceDate "2014.11.20"]
[SourceVersion "1"]
[SourceVersionDate "2014.11.20"]
[SourceQuality "1"]
[WhiteTeam "Olfen"]
[BlackTeam "Rheine Klein Berlin"]
[WhiteTeamCountry "GER"]
[BlackTeamCountry "GER"]

1. d4 c5 2. d5 Nf6 3. c4 b5 4. cxb5 e6 5. dxe6 fxe6 6. Nf3 d5 7. e3 Bd6 8. Nc3 Bb7 9. Bd3 e5 10. Ng5 e4 11. Be2 Qe7 12. Bh5+ g6 13. Bg4 Qe5 14. h4 h6 15. Nh3 Nbd7 16. Nf4 Nf8 17. a4 Rd8 18. a5 d4 19. Na4 Bc7 20. Bd2 dxe3 21. fxe3 g5 22. Bh5+ Ke7 23. Qb3 Rxd2 24. Qf7+ Kd8 25. Kxd2 gxf4 26. b6 Ne6 27. bxc7+ Kc8 28. Be2 Rh7 29. Qg6 fxe3+ 30. Kc1 Nf4 31. Bg4+ Kxc7 32. Qf5 Nd3+ 33. Kb1 Qxf5 34. Bxf5 Rg7 35. Bh3 e2 36. Kc2 Nd5 37. Kd2 N5f4 38. Rh2 Rg3 39. Nc3 e3+ 40. Kc2 e1Q 0-1

[Event "Muensterland Verbandsliga 1213"]
[Site "Germany"]
[Date "2012.12.22"]
[Round "4.2"]
[White "Gresshoff, Werner"]
[Black "Bruemmer, Frank"]
[Result "1/2-1/2"]
[WhiteElo "1948"]
[BlackElo "2169"]
[PlyCount "97"]
[EventDate "2012.09.22"]
[EventType "team-tourn"]
[EventRounds "9"]
[EventCountry "GER"]
[SourceTitle "EXT 2015"]
[Source "ChessBase"]
[SourceDate "2014.11.20"]
[SourceVersion "1"]
[SourceVersionDate "2014.11.20"]
[SourceQuality "1"]
[WhiteTeam "Muenster SK III"]
[BlackTeam "Rheine Klein Berlin"]
[WhiteTeamCountry "GER"]
[BlackTeamCountry "GER"]

1. c4 e5 2. g3 Nf6 3. Bg2 c6 4. d4 exd4 5. Qxd4 d5 6. Nf3 dxc4 7. Qxd8+ Kxd8 8. 0-0 Bd6 9. Nbd2 b5 10. Nd4 a6 11. a4 Bc5 12. Nxc6+ Nxc6 13. Bxc6 Rb8 14. axb5 axb5 15. Nf3 Bh3 16. Rd1+ Kc7 17. Ra6 Bb6 18. Nd4 Nh5 19. Bf3 g6 20. Nxb5+ Kc8 21. Nd6+ Kc7 22. Bxh5 gxh5 23. Bf4 Kc6 24. Nxf7 Kb5 25. Nxh8 Rxh8 26. Raa1 Bg4 27. Rd5+ Kc6 28. Rd6+ Kb7 29. Ra4 Bc5 30. Rd2 Be6 31. Kg2 Kb6 32. Be5 Re8 33. Bc3 h4 34. Ra1 h3+ 35. Kf1 h5 36. Bd4 h4 37. Bxc5+ Kxc5 38. Ra5+ Kb4 39. Rh5 Ra8 40. f4 hxg3 41. hxg3 Ra1+ 42. Kf2 Kb3 43. f5 Bxf5 44. e4 Bxe4 45. Rxh3 Bc2 46. g4+ Kxb2 47. g5 c3 48. Rd6 Bb3 49. Rdd3 1/2-1/2